| 000 | 00775nam a2200229Ia 4500 | ||
|---|---|---|---|
| 001 | 18559 | ||
| 003 | GE_BSU | ||
| 008 | 181216s||||||||xx |||||||||||||| ||und|| | ||
| 020 | _a9785824320381 | ||
| 040 | _cGE_BSU | ||
| 080 | _a94(560) | ||
| 100 | _aГюнтер,Леви | ||
| 245 | _aАрмянский вопрос в Османской империи:Мифы и реальность | ||
| 245 | _cПер:с английского Л.Ю.Пантиной, вед.ред:Н,А,Вольнчик,ред:Л,Ю,Пантина | ||
| 260 | _aМосква | ||
| 260 | _bРосспен | ||
| 260 | _c2016 | ||
| 300 | _a359стр,21см, | ||
| 653 | _aАрмянский вопрос в Османской империи | ||
| 653 | _aისტორია | ||
| 942 | _cBK | ||
| 999 |
_c51568 _d51568 |
||